Statistiques concernant Tous les pokémon de Voltère

Cliquez ici pour prendre le quiz!

Statistiques générales

  • Ce quiz a été pris 18 fois
  • Le résultat moyen est 13 sur 15

Statistiques - réponses

HintRéponse% Correct
Magnéti
100%
Magnéton
100%
Magnézone
100%
Rubis & SaphirVoltorbe
100%
Elecsprint
92%
Elektek
92%
EmeraudeDynavolt
85%
Négapi
85%
Pharamp
85%
Noir2 & Blanc2Posipi
85%
Raichu
85%
Lainergie
77%
Motisma ( Lavage )
77%
Pikachu
77%
Wattouat
62%

Distribution des résultats

Percentile par nombre de réponses

% des personnes avec chaque résultat

Votre développement - résultats

Vous n’avez pas pris ce quiz